Name the Magazines Quiz Stats

Quiz Updated Dec 9, 2014

Also try: Corporate Logos
Challenge
Share
Tweet
Score 0/25 Timer 03:00
2 Plays Today
Magazine % Correct
Vogue
96.2%
Cosmopolitan
95.9%
Rolling Stone
93.9%
TV Guide
93.8%
Time
93.6%
People
93.4%
National Geographic
92.6%
Glamour
90.1%
Reader's Digest
86.6%
Newsweek
85.9%
GQ
76%
ESPN
74.8%
Entertainment Weekly
74.3%
Magazine % Correct
The New Yorker
74.1%
Esquire
72.6%
Us Weekly
71.7%
In Touch
65.6%
Vanity Fair
64.6%
Men's Health
61.6%
Popular Science
58.1%
In Style
53.6%
Maxim
53.1%
Sports Illustrated
48.9%
Marie Claire
38%
Wired
36.1%

You're not logged in!

Compare scores with friends on all Sporcle quizzes.
Sign Up with Email
OR
Log In

You Might Also Like...

Show Comments

Extras

Top Quizzes Today


Score Distribution

Your Account Isn't Verified!

In order to create a playlist on Sporcle, you need to verify the email address you used during registration. Go to your Sporcle Settings to finish the process.